000 00839cam a2200217 a 4500
001 13913090
005 20250603094822.0
008 050328s2005 tnua b 001 0 eng d
020 _a0805431233
050 0 0 _aBV652
_b.M3568 2005
082 0 0 _a254
_222
245 0 0 _aManagement essentials for Christian ministries /
_cedited by Michael J. Anthony and James Estep, Jr.
260 _aNashville, Tenn. :
_bBroadman & Holman Publishers,
_cc2005.
300 _aix, 454 p. :
_bill. ;
_c24 cm.
650 0 _aChurch management.
700 1 _aAnthony, Michael J.
700 1 _aEstep, James Riley,
_d1963-
856 4 2 _3Contributor biographical information
_uhttp://www.loc.gov/catdir/enhancements/fy0902/2005295659-b.html
856 4 2 _3Publisher description
_uhttp://www.loc.gov/catdir/enhancements/fy0902/2005295659-d.html
942 _2lcc
_cBK
_n0
999 _c6179
_d6179